00342 2200145 4500001002100000005001500021035002000036245004000056100001800096300001200114260003600126082000800162084001400170990001200184INLIS00000000000238120250528114618 a0010-05250006731 aKekasihku Mahadewi /cKahlil Gibran0 aKahlil Gibran a142 hlm aYogyakarta :bDiva Press,c2004 a813 a813 KAH k a0712659